000 00272nam a22001337a 4500
008 170630b xxu||||| |||| 00| 0 eng d
020 _a9781931100007
041 _aeng
080 _a821
100 _a22
101 _aGJL
245 _aVISTAS
_cBLANCO
942 _2udc
_cBK
999 _c19745
_d19745